000 00595nam a2200205Ia 4500
005 20250923145148.0
008 008 250917s9999 xx 000 0 eng d
037 _aTextual
040 _aDSWL
_beng
_cDSWL
041 _aeng
_2eng
084 _aY:4371:2.2'N6<-N4, N68
_qDSWL
100 _aGhurye, G.S.
_9832405
245 0 _aSocial Tensions in India
_cby G.S. Ghurye
260 _aBombay
_bPopular Prakaan
_c1968
300 _ax,326p.
365 _aINR
_b72.00
925 _g72.00
942 _cTEXL
_hY:4371:2.2'N6<-N4, N68
999 _c1447903
_d1447903